000 00414cam a2200181ua 4500
001 3071
008 110928n ii |||gr||||Z||||||asm
040 _cMAIN
082 _a891.4513
100 1 _aDeka, Hitesh,
245 1 1 _aBhara ghar
_cby Hitesh Deka
250 _a7th.
260 _aGuahati:
_bChandra Prakash,994.
300 _a212p:
_c23cm.
653 _aAssamese novel
653 _aBhara ghar
942 _cBK
999 _c2917
_d2917